000 00624nam a2200181Ia 4500
008 100921s9999 xx 000 0 und d
082 _b41842
_a891.463 न 07
100 _aचांदोरकर स्वाती.
245 _aसेलिब्रेशन.
260 _bमेहता प्रकाशन, पुणे.
_c2007
300 _a180
_bकलाभारती वितरण,पुणे
365 _b130
520 _aललित-कथा.
630 _aसेलिब्रेशन.
650 _aललित-कथा.
730 _aसेलिब्रेशन.
942 _cBOOK
999 _c790955
_d790952